| 000 | 00624cam a2200241 4500 | ||
|---|---|---|---|
| 001 | M1361 | ||
| 008 | 090401t1993 xxu||||| |||| 00| 0 eng d | ||
| 035 | _a(Sirsi) u31363 | ||
| 041 | 0 | _aeng | |
| 050 | 0 | 4 | _a333.0062 $2 18 |
| 090 | _aRICS 1993/11ABCD | ||
| 110 | 2 |
_aRoyal Institution of Chartered Surveyors _94900 |
|
| 245 | 0 | 0 | _aAnnual review 1993 |
| 260 |
_aLondon _bRICS _c1993 |
||
| 300 |
_a17p. _bill. _c30cm. |
||
| 350 | _a0 | ||
| 490 | 0 | _aRICS Annual Report | |
| 490 | 0 | _aRICS Financial Statements | |
| 651 | 4 | _aInternational | |
| 690 | _aABOUT RICS-RICS ANNUAL REPORT | ||
| 942 | _n0 | ||
| 948 | _c04/03/1997 | ||
| 999 |
_c89584 _d89584 |
||